000
00200 a2200097 4500
001
20511
100
_a
Zherebtsov, I
245
_a
electronics
260
_a
_b
Mir Publishers
_c
090
_c
14908
_d
14908
942
_a
NUST-CAE
_c
M
_c
5456
999
_c
255584
_d
255584